Quem mexeu no meu queijo? (Record no. 109445)

MARC details
000 -LÍDER
campo de controle de tamanho fixo 00526 a2200217 4500
001 - NÚMERO DE CONTROLE
campo de controle 109445
020 ## - ISBN - INTERNATIONAL STANDARD BOOK NUMBER
ISBN - International Standard Book Number 9788501054029
041 ## - CÓDIGO DE IDIOMA
Código do idioma do texto/trilha sonora ou título diferente por
090 ## - NÚMERO DE CHAMADA LOCAL
Número de chamada (OCLC) (R); Número de chamada, CALL (RLIN) (NR) PL 158 JOH
040 ## - FONTE DA CATALOGAÇÃO
Instituição da catalogação original BR-BrIDEA
Instituição que transcreveu o registro BR-BrIDEA
100 ## - ENTRADA PRINCIPAL--NOME PESSOAL
Nome pessoal Johnson, Spencer.
250 ## - EDIÇÃO
Edição 7.ed.
245 10 - TÍTULO
Título Quem mexeu no meu queijo?
Indicação de responsabilidade, etc. Spencer Johnson
260 ## - PUBLICAÇÃO, DISTRIBUIÇÃO, ETC.
Local de publicação, distribuição, etc. [S.l.]
Nome do editor, distribuidor, etc. Record
Data da publicação, distribuição, etc. 2000
300 ## - DESCRIÇÃO FÍSICA
Extensão 107 p.
697 ## - ENTRADA DE ASSUNTO LOCAL--ENTIDADE COLETIVA (RLIN)
Nome corporativo ou nome da jurisdição Change (Psychology)
697 ## - ENTRADA DE ASSUNTO LOCAL--ENTIDADE COLETIVA (RLIN)
Nome corporativo ou nome da jurisdição Large print books.
697 ## - ENTRADA DE ASSUNTO LOCAL--ENTIDADE COLETIVA (RLIN)
Nome corporativo ou nome da jurisdição Large type books.
856 ## - LOCALIZAÇÃO ELETRÔNICA E ACESSO
Uniform Resource Identifier <a href="00000d/00000db9.jpg">00000d/00000db9.jpg</a>
942 ## - ELEMENTOS DE ENTRADA ADICIONADOS (KOHA)
Tipo de material Koha Livros
Holdings
Situação do descarte Situação das perdas Fonte da classificação ou esquema de arquivamento na estante Situação física Não pode ser emprestado Biblioteca de origem Biblioteca atual Data de aquisição Total de empréstimos Número de chamada completo Código de barras Data de último acesso Data do preço efetivo Tipo de material Koha
    Classificação Decimal de Dewey     ECB - SUDOESTE ECB - SUDOESTE 18/06/2018   PL 158 JOH 00037809SSW 23/01/2024 23/01/2024 Livros
          Leonardo Da Vinci - Osasco Leonardo Da Vinci - Osasco 27/03/2024   155.24 J65q O008081 27/03/2024 27/03/2024 Livros
          Leonardo Da Vinci - Osasco Leonardo Da Vinci - Osasco 27/03/2024   155.24 J65q O008082 27/03/2024 27/03/2024 Livros
          Leonardo Da Vinci - Osasco Leonardo Da Vinci - Osasco 27/03/2024   155.24 J65q O008083 27/03/2024 27/03/2024 Livros
          Leonardo Da Vinci - Osasco Leonardo Da Vinci - Osasco 27/03/2024   155.24 J65q O008084 27/03/2024 27/03/2024 Livros
          Leonardo Da Vinci - Osasco Leonardo Da Vinci - Osasco 27/03/2024   155.24 J65q O008085 27/03/2024 27/03/2024 Livros
          Leonardo Da Vinci - Osasco Leonardo Da Vinci - Osasco 27/03/2024   155.24 J65q O017566 27/03/2024 27/03/2024 Livros